000 00648cam a22002293a 4500
001 4001
003 PGUSA
005 20140828083041.0
008 030501s2003||||xxu|||||s|||||000 | eng d
040 _aPGUSA
_beng
042 _adc
050 4 _aPQ
245 1 0 _aWidger's Quotations from Project Gutenberg Edition of French Immortals Series
_h[electronic resource]
260 _bProject Gutenberg,
_c2003
506 _aPublic domain in the USA.
516 _aElectronic text
653 _aQuotations
700 1 _aWidger, David,
_d1932-
830 0 _aProject Gutenberg
_v4001
856 4 0 _uhttp://www.gutenberg.org/ebooks/4001
942 _cEB
999 _c233330
_d233330